| 000 | 01044cam a2200289 4500 | ||
|---|---|---|---|
| 001 | sa 68013823 | ||
| 003 | DLC | ||
| 005 | 20260227112626.0 | ||
| 008 | 691210s1968 ii abc b 010 0 eng | ||
| 010 | _asa 68013823 | ||
| 025 | _aPL480:I-E-10945 | ||
| 040 |
_aDLC _cDLC _dDLC |
||
| 041 | 0 | _aenghinmar | |
| 050 | 0 | 0 |
_aDS437 _b.S8 1968 |
| 082 | 0 | 0 | _a954/.008 |
| 245 | 0 | 0 |
_aStudies in Indian history; _bDr. A. G. Pawar felicitation volume. _cEdited by V. D. Rao. |
| 260 |
_aKolhapur _b[Y. P. Pawar on behalf of Dr. Appasaheb Pawar Satkar Samiti; sole distributors: Popular Prakashan, Bombay] _c1968. |
||
| 300 |
_axvii, 444 p. _billus., maps (part fold.), ports., _c23 cm. |
||
| 350 | _a35.00 | ||
| 500 | _aEnglish, Hindi, and Marathi. | ||
| 500 | _aShort biographical sketches of the contributors: p. 441-444. | ||
| 504 | _aIncludes bibliographies. | ||
| 651 | 0 |
_aIndia _xHistory. |
|
| 600 | 1 | 0 |
_aPawar, A. G. _q(Appasaheb Ganapatrao), _d1906- |
| 700 | 1 |
_aPawar, A. G. _q(Appasaheb Ganapatrao), _d1906- |
|
| 700 | 1 |
_aRao, Vasant D., _eed. |
|
| 999 |
_c85375 _d85375 |
||